| 000 | 00659nam a22002057a 4500 | ||
|---|---|---|---|
| 005 | 20240628145134.0 | ||
| 010 | _aB-760000 | ||
| 020 |
_a9780143333982 _c199.00 |
||
| 035 | _aB-760000 | ||
| 037 | _bGift | ||
| 082 | _aS | ||
| 100 |
_aAlter, Stephen _967926 |
||
| 245 |
_aThe secret sanctuary / _cby Stephen Alter; illustrated by Prabha Mallya |
||
| 260 |
_aGurgaon _bPuffin Book _c2015 |
||
| 270 |
_a7th Floor, Infinity Tower C, DLF Cyber City, _bGurgaon _e122002 |
||
| 300 |
_avarious pagings _c19cm(pbk) |
||
| 700 |
_aMallya, Prabha _967925 |
||
| 942 |
_2ddc _cCH _mALT _hS |
||
| 999 |
_c203827 _d203827 |
||